1741 1963 1427 1126 1895 1400 1672 1724 1340 1531 1460 1169 1303 1815 1118 1053 1082 1973 1968 1351 1173 1393 1898 1353 1018 1173 1367 1529 1815 1000 1659 1793 1069 1250 1864 1900 1352 1883 1411 1488 1119 1909 1003 1156 1781 1751 1210 1179 1308 1317 1031 1209 1511 1633 1327 1351 1782 1933 1697 1603 1245 1917 1897 1736 1526 1377 1270 1941 1678 1703 1694 1452 1314 1260 1473 1488 1216 1173 1500 1317 1963 1583 1280 1013 1096 1964 1772 1265 1800 1095 1388 1990 1988 1717 1072 1513 1729 1267 1620 BCNSPRNW ULIB Ver.6.0+V

เปลี่ยนเป็นภาษาไทย

Change to English
 แสดงรายละเอียดบรรณานุกรม
  กลับหน้าหลัก

Brief Record : Get Marc (ISO 2709) : E-mail record : QR code < ปิดหน้าต่าง
LEADER : 00000nam 2200000uu 4500
001    13399123956
003     ULIB
008    020711s2556 th a 000 0 tha d
020    9786167150321
060    WR140^bห636ห
100    หาญ วงศ์ไวศยวรรณ
245    หนังนักสืบ : ไขปริศนาโรคผิวหนังที่หายยาก./^cหาญ วงศ์ไวศยวรรณ.
250    พิมพ์ครั้งที่ 1
260    กรุงเทพฯ :^bคบไฟ,^c2556
300    221 หน้า;^b21 ซม.
650    โรคผิวหนัง.
945    ^p210^l0^i22776
945    ^p210^l0^i22777
รายการนี้ยังไม่มีแท็ก
คุณยังไม่ได้ล็อกอิน คุณสามารถมีกิจกรรมร่วมกับเว็บไซต์ได้ แต่ต้องล็อกอินก่อน ::
  ล็อกอิน

รายการสื่อสารสนเทศ

ลำดับที่ ประเภท เลขเรียก/บาร์โค้ด สถานที่ สถานะ
1. วิทยาศาสตร์การแพทย์ และสุขภาพ
วิทยาศาสตร์การแพทย์ และสุขภาพ
สถานะ=หนังสือเก่า
WR140 ห636ห ฉ.1 
  Barcode: 22776
ห้องสมุดวิทยาเขตนครสวรรค์
►ส่วนจัดเก็บหนังสือเก่า นว.
บนชั้น
  ขอยืม
2. วิทยาศาสตร์การแพทย์ และสุขภาพ
วิทยาศาสตร์การแพทย์ และสุขภาพ
สถานะ=หนังสือเก่า
WR140 ห636ห ฉ.2 
  Barcode: 22777
ห้องสมุดวิทยาเขตนครสวรรค์
►ส่วนจัดเก็บหนังสือเก่า นว.
บนชั้น
  ขอยืม

รายการใกล้เคียง
    ผู้แต่ง [หาญ วงศ์ไวศยวรรณ]

    หัวเรื่อง [โรคผิวหนัง.]

BibComment


ยังไม่เคยถูกคอมเมนท์

คอมเมนท์ทรัพยากรรายการนี้
  คอมเมนท์: หนังนักสืบ ไขปริ..


 Copyright 2026. Bcnsprnw @Library